1239 1371 1713 1297 1698 1952 1986 1543 1368 1188 1671 1058 1989 1779 1014 1655 1888 1368 1834 1519 1391 1318 1333 1641 1011 1516 1712 1120 1416 1962 1903 1684 1643 1390 1717 1008 1380 1483 1187 1414 1954 1883 1506 1366 1903 1352 1944 1595 1086 1064 1896 1911 1399 1989 1518 1787 1333 1136 1672 1761 1830 1378 1147 1361 1960 1037 1497 1129 1343 1484 1520 1332 1939 1691 1972 1183 1564 1575 1536 1946 1360 1349 1933 1754 1596 1136 1508 1969 1938 1055 1110 1711 1802 1386 1220 1832 1315 1437 1660 BCNSPRNW ULIB Ver.6.0+V

เปลี่ยนเป็นภาษาไทย

Change to English
 แสดงรายละเอียดบรรณานุกรม
  กลับหน้าหลัก

Brief Record : Get Marc (ISO 2709) : E-mail record : QR code < ปิดหน้าต่าง
LEADER : 00000nam 2200000uu 4500
001    13399120796
003     ULIB
008    121017s2545||||th 000 0 tha d
020    ^a9746436333 (ล.2)
050  4 ^aBF637.C6^bส719จ ล.2
245 00 ^aทฤษฎีและแนวปฏิบัติในการให้การปรึกษา หน่วยที่ 9-15=^bTheory and Practice in Counseling /^cสาขาวิชาศึกษาศาสตร์ มหาวิทยาลัยสุโขทัยธรรมาธิราช
246 31 ^aTheory and Practice in Counseling
250    ^aพิมพ์ครั้งที่ 1
260    ^aนนทบุรี :^bสำนักพิมพ์ มสธ.,^c2545
300    ^a2 เล่ม
500    ^aเอกสารการสอนชุดวิชาทฤษฎีและแนวปฏิบัติในการให้การปรึกษา
650  7 ^aจิตวิทยา
710 2  ^aมหาวิทยาลัยสุโขทัยธรรมาธิราช. ^bสาขาวิชาศึกษาศาสตร์
945    ^p0^l0^i24439
995    ^aทศพร
999    ^aทศพร เกษรทอง
รายการนี้ยังไม่มีแท็ก
คุณยังไม่ได้ล็อกอิน คุณสามารถมีกิจกรรมร่วมกับเว็บไซต์ได้ แต่ต้องล็อกอินก่อน ::
  ล็อกอิน

รายการสื่อสารสนเทศ

ลำดับที่ ประเภท เลขเรียก/บาร์โค้ด สถานที่ สถานะ
1. วิทยาศาสตร์การแพทย์ และสุขภาพ
วิทยาศาสตร์การแพทย์ และสุขภาพ
BF637.C6 ส719จ ล.2 ฉ.1 
  Barcode: 24439
ห้องสมุดวิทยาเขตสวรรค์ประชารักษ์
►หนังสือทั่วไป
บนชั้น

รายการใกล้เคียง
    หัวเรื่อง [จิตวิทยา]

BibComment


ยังไม่เคยถูกคอมเมนท์

คอมเมนท์ทรัพยากรรายการนี้
  คอมเมนท์: ทฤษฎีและแนวปฏิบั..


 Copyright 2026. Bcnsprnw @Library